000 00483nam a2200181Ia 4500
005 20250923144539.0
008 008 250917s9999 xx 000 0 eng d
037 _aTextual
040 _aDSWL
_beng
_cDSWL
041 _aeng
_2eng
084 _qDSWL
100 _aJennings, H.H.
_9825978
245 0 _aLeadership & isolation
_cby H.H. Jennings
260 _aLondon
_bLongmans & Co
_c1950
300 _axvii,349p.
942 _cTEXL
999 _c1440305
_d1440305